| 000 | 00922nas a2200289 4500 | ||
|---|---|---|---|
| 001 | BR2013010742 | ||
| 003 | BR-BrBNA | ||
| 005 | 20231205123514.0 | ||
| 007 | ta | ||
| 008 | 230509b bl.|||p| |||| 00| 00por d | ||
| 040 |
_aBR-BrBNA _bpor _cBiblioteca Nacional de Agricultura |
||
| 041 | _a(Pt) | ||
| 072 | _aP33; U10 | ||
| 100 | 1 | _aMiranda, J.H. | |
| 100 | 1 | _aDuarte, S.N. | |
| 100 | 1 | _aLibardi, P.L. | |
| 100 | 1 | _aFolegatti, M.V. | |
| 245 | 1 | _aSimulação do deslocamento de potássio em colunas verticais de solo não-saturado | |
| 650 | _aQUÍMICA DO SOLO | ||
| 650 | _aDISPONIBILIDADE DE NUTRIENTE | ||
| 650 | _aMODELO DE SIMULAÇÃO | ||
| 650 | _aUMIDADE | ||
| 773 | 0 |
_tEngenharia Agrícola (Brazil) _xISSN 0100-6916 _g(Sep-Dec 2005), v. 25(3) p. 677-685 _wBR2013010742 |
|
| 856 | 4 | 0 | _uhttp://www.scielo.br/pdf/eagri/v25n3/28063.pdf |
| 909 |
_a202311 _bLúcia _c55 _dLúcia Elande |
||
| 942 |
_2AGRIS _n0 _cANA |
||
| 999 |
_c234255 _d234255 |
||